Suara dari dinding dewan : sebuah kumpulan puisi antara dua abad

Bibliographic Details
Main Author: A. Samad Said (Abdul Samad Said)
Format: Book
Published: Kuala Lumpur : Utusan Publications & Distributors , 2003
Subjects:

MARC

LEADER 00000cam a2200000 7i4500
001 0000014877
005 20080312.0
008 080306
020 |a 9676114502 
090 0 0 |a 899.231   |b ASA 
100 0 |a A. Samad Said (Abdul Samad Said) 
245 1 0 |a Suara dari dinding dewan :   |b sebuah kumpulan puisi antara dua abad   |c A. Samad Said 
260 |a Kuala Lumpur :   |b Utusan Publications & Distributors ,   |c 2003 
650 0 |a Malay poetry 
650 0 |a Sajak 
999 |a 0000909582   |b Book   |c Adult Collection   |e Cawangan Bandar Tenggara 
999 |a 0000909583   |b Book   |c Adult Collection   |e Cawangan Bandar Tenggara 
999 |a 0001016217   |b Book   |c Adult Collection   |e Perbadanan Perpustakaan Awam Johor 
999 |a 0001016218   |b Book   |c Adult Collection   |e Perbadanan Perpustakaan Awam Johor 
999 |a 0001016219   |b Book   |c Adult Collection   |e Perbadanan Perpustakaan Awam Johor 
999 |a 0001029299   |b Book   |c Adult Collection   |e Cawangan Sri Merlong